000
00277nam a2200121Ia 4500
008
191201s2005 xx 000 0 und d
100
_a
AWAD, Elias
245
0
_a
Electronic Commerce
260
_a
N.Delhi
_b
PHI
_c
2005
300
_a
497
650
_a
B.Tech(ECE)
942
_2
ddc
_c
BK
999
_c
1818
_d
1818